000 00368cam a22001337a 4500
008 180718b2008 xxu||||| |||| 00| 0 eng d
082 _aT471 M454
100 _aMayo, Herbert B.
245 _aAn introduction to investments
_cBy Herbert B. Mayo
260 _aBrazil
_bclengage lerning
_c2008
300 _a775p.
650 _aInvestment analysis
650 _aInvestments
999 _c503435
_d503435